00649nam a2200217 a 4500001001300000003000900013005001700022008004100039020000900080082001300089245002800102260006100130300000900191500003500200650002700235710002800262902000800290942000700298952011100305999001500416nice12345678IN_TiNIC20260116011652.0080522s1951 cala grp 000 0 eng  ac3000a224bCAL aStories of the Prophets aCalcuttabCalcutta Christian Tract and Book Societc1951 a580p aincludes index and biblioraphy aProphets-Old Testament2 aCalcutta Chistian Tract bSRS cBK 001040708StackRoom-aHMIbHMId2008-05-22g30.00l0o224 CALp05814r2008-05-22v30.00w2008-05-22yBK c3274d3274